| 000 | 00467nam a2200133Ia 4500 | ||
|---|---|---|---|
| 008 | 210430s9999 xx 000 0 und d | ||
| 020 | _a0072508124 (paperback) | ||
| 082 | _a004 H973 C | ||
| 100 | _aClifford, Sarah Hutchinson. | ||
| 245 |
_aComputers, communications, and information _cClifford, Sarah Hutchinson. |
||
| 260 |
_a[S.l.] : _bMcgraw-Hill College, _c2000 |
||
| 856 | _uhttp://www.amazon.com/exec/obidos/ASIN/0072508124/chopaconline-20 | ||
| 942 |
_cBK _2ddc |
||
| 999 |
_c563730 _d563730 |
||